Grid Integration of Wind Energy Conversion Systems / (Record no. 15087)
[ view plain ]
| 000 -LEADER | |
|---|---|
| fixed length control field | 01657cam a2200361 a 4500 |
| 001 - CONTROL NUMBER | |
| control field | 14071694 |
| 005 - DATE AND TIME OF LATEST TRANSACTION | |
| control field | 20100826091652.0 |
| 008 - FIXED-LENGTH DATA ELEMENTS--GENERAL INFORMATION | |
| fixed length control field | 050811s2006 enka b 001 0 eng |
| 010 ## - LIBRARY OF CONGRESS CONTROL NUMBER | |
| LC control number | 2005023374 |
| 020 ## - INTERNATIONAL STANDARD BOOK NUMBER | |
| International Standard Book Number | 0470868996 (cloth : alk. paper) |
| 020 ## - INTERNATIONAL STANDARD BOOK NUMBER | |
| International Standard Book Number | 9780470868997 |
| 035 ## - SYSTEM CONTROL NUMBER | |
| System control number | (OCoLC)ocm61278528 |
| 040 ## - CATALOGING SOURCE | |
| Original cataloging agency | DLC |
| Transcribing agency | DLC |
| Modifying agency | BAKER |
| -- | BWKUK |
| -- | DLC |
| 041 1# - LANGUAGE CODE | |
| Language code of text/sound track or separate title | eng |
| Language code of original and/or intermediate translations of text | ger |
| 050 00 - LIBRARY OF CONGRESS CALL NUMBER | |
| Classification number | TK1541 |
| Item number | .H3513 2006 |
| 082 00 - DEWEY DECIMAL CLASSIFICATION NUMBER | |
| Classification number | 621.312136 |
| Edition number | 22 |
| Item number | HEI |
| 100 1# - MAIN ENTRY--PERSONAL NAME | |
| Personal name | Heier, Siegfried. |
| 9 (RLIN) | 22959 |
| 240 10 - UNIFORM TITLE | |
| Uniform title | <a href="Windkraftanlagen im Netzbetrieb, z. uberarbeitete und erweiterte Auflage.">Windkraftanlagen im Netzbetrieb, z. uberarbeitete und erweiterte Auflage.</a> |
| Language of a work | English |
| 245 10 - TITLE STATEMENT | |
| Title | Grid Integration of Wind Energy Conversion Systems / |
| Statement of responsibility, etc | Siegfried Heier ; translated by Rachel Waddington. |
| 250 ## - EDITION STATEMENT | |
| Edition statement | 2nd ed. |
| 260 ## - PUBLICATION, DISTRIBUTION, ETC. (IMPRINT) | |
| Place of publication, distribution, etc | Chichester, England ; |
| -- | Hoboken, NJ : |
| Name of publisher, distributor, etc | Wiley, |
| Date of publication, distribution, etc | c2006. |
| 300 ## - PHYSICAL DESCRIPTION | |
| Extent | xix, 426 p. : |
| Other physical details | ill. ; |
| Dimensions | 25 cm. |
| 504 ## - BIBLIOGRAPHY, ETC. NOTE | |
| Bibliography, etc | Includes bibliographical references (p. [405]-415) and index. |
| 650 #0 - SUBJECT ADDED ENTRY--TOPICAL TERM | |
| Topical term or geographic name as entry element | Wind power plants. |
| 9 (RLIN) | 22960 |
| 650 #0 - SUBJECT ADDED ENTRY--TOPICAL TERM | |
| Topical term or geographic name as entry element | Wind energy conversion systems. |
| 9 (RLIN) | 22961 |
| 650 #0 - SUBJECT ADDED ENTRY--TOPICAL TERM | |
| Topical term or geographic name as entry element | Electric power systems. |
| 9 (RLIN) | 22962 |
| 653 ## - INDEX TERM--UNCONTROLLED | |
| Resource For college | |
| Arrived date list | April2011 |
| 856 41 - ELECTRONIC LOCATION AND ACCESS | |
| Materials specified | Table of contents |
| Uniform Resource Identifier | <a href="http://www.loc.gov/catdir/toc/ecip0517/2005023374.html">http://www.loc.gov/catdir/toc/ecip0517/2005023374.html</a> |
| 856 42 - ELECTRONIC LOCATION AND ACCESS | |
| Materials specified | Publisher description |
| Uniform Resource Identifier | <a href="http://www.loc.gov/catdir/enhancements/fy0623/2005023374-d.html">http://www.loc.gov/catdir/enhancements/fy0623/2005023374-d.html</a> |
| 942 ## - ADDED ENTRY ELEMENTS (KOHA) | |
| Source of classification or shelving scheme | Dewey Decimal Classification |
| Item type | Book - Borrowing |
| Withdrawn status | Item status | Source of classification or shelving scheme | Damaged status | Not for loan | Vendor | Home library | Current library | Shelving location | Date acquired | Source of acquisition | Cost, normal purchase price | Serial Enumeration / chronology | Total Checkouts | Total Renewals | Full call number | Barcode | Date last seen | Date last borrowed | Koha item type |
|---|---|---|---|---|---|---|---|---|---|---|---|---|---|---|---|---|---|---|---|
| Dewey Decimal Classification | Baccah | Central Library | Central Library | First floor | 07/04/2011 | 726.00 | 11997 | 5 | 16 | 621.312136 HEI | 000023172 | 15/07/2025 | 10/10/2016 | Book - Borrowing |